Normal view
MARC view
- عبادات - الاسلام - حديث شريف
Entry Topical Term
001 - CONTROL NUMBER
- control field: 8803
003 - CONTROL NUMBER IDENTIFIER
- control field: JO-AjAnu
005 - DATE AND TIME OF LATEST TRANSACTION
- control field: 20230606071722.0
008 - FIXED-LENGTH DATA ELEMENTS
- fixed length control field: 230606|| aca||aabn | a|a d
040 ## - CATALOGING SOURCE
- Original cataloging agency: JO-AjAnu
- Transcribing agency: JO-AjAnu
150 ## - HEADING--TOPICAL TERM
- Topical term or geographic name entry element: عبادات - الاسلام - حديث شريف
670 ## - SOURCE DATA FOUND
- Source citation: Work cat.: (JO-AjAnu)4542: الشناوي،عبد العزيز, author 8802, ميراث رسول الله صلى الله علية وسلم